00000000nam 2200000za 4500
0019.674421
003CaOODSP
00520250120155954
007cr |||||||||||
008150407|2005||||xxc|||||o    f|0| 0 por d
020 |a0-662-02796-5
040 |aCaOODSP|beng
043 |an-cn---
0861 |aCD4-24/2005Por-PDF
1101 |aCanada.|bCanadian International Development Agency.
24512|a[A synthesis of Canada's cooperation strategy in Brazil 2005-2010] |h[electronic resource]
2461 |aUma Sintese da Estratégia da Cooperacâo Canadense no Brasil para o periodo de 2005 a 2010
250 |a[Portuguese edition].
260 |aOttawa - Ontario : |bCanadian International Development Agency |cc2005.
300 |a15p.|bmap, photographs
500 |aIssued also in English under title: A synthesis of Canada's cooperation strategy in Brazil 2005-2010.
546 |aText in Portuguese.
590 |a12-09-Supp|b2012-03-21
77508|tA synthesis of Canada's cooperation strategy in Brazil 2005-2010 |w(CaOODSP)9.687570
792 |t[Document de synthèse - stratégie de coopération canadienne au Brésil 2005-2010] |efre|w(CaOODSP)9.674422
85640|ahttp://publications.gc.ca|qPDF|s959 KB|uhttps://publications.gc.ca/collections/collection_2009/acdi-cida/CD4-24-2005Por.pdf